Les entreprises conjointes internationales dans les pays en voie de développement

Kaydedildi:
Detaylı Bibliyografya
Yazar: Beguin, Jean- Pierre
Materyal Türü: Kitap
Dil:Undetermined
Baskı/Yayın Bilgisi: Paris L'Institut Universitaire 1972
Konular:
Etiketler: Etiketle
Etiket eklenmemiş, İlk siz ekleyin!
Thư viện lưu trữ: Trung tâm Học liệu Trường Đại học Cần Thơ
LEADER 00545nam a2200181Ia 4500
001 CTU_82340
008 210402s9999 xx 000 0 und d
082 |a 338.7 
082 |b B418 
100 |a Beguin, Jean- Pierre 
245 0 |a Les entreprises conjointes internationales dans les pays en voie de développement 
245 0 |c Jean- Pierre Beguin 
260 |a Paris 
260 |b L'Institut Universitaire 
260 |c 1972 
650 |a Joint ventures 
904 |i Trọng Hải 
980 |a Trung tâm Học liệu Trường Đại học Cần Thơ